00873pam a2200241 a 4500001000500000005001700005020001500022040002300037050002500060082001200085100002800097245007300125250005700198260004500255300003900300505000700339520017100346521001700517521001700534650002100551700003300572700002600605277620240115102434.0 a0887080278 aDLCcDLCdDLCbeng00aPZ7.W64583bCan 198600a4282191 aWilde, Oscard1854-190014aThe Canterville ghost /cOscar Wilde ; illustrated by Summer Durantz aThis simplified edition Oxford University Press 2008 aOxford :bOxford University Press,c2002 a56 pages :billustrations ;c20 cm aP  aA celebrated and feared English ghost is outraged when the new American owners of his haunting place refuse to take him seriously and actually fight back against him. a770 bLexile aP bRaz-Plus 1aGhostsxFiction.1 aDurantz, Summereillustrator1 aEscott, Johnerelator